Normal view
MARC view
Entry Topical Term
001 - CONTROL NUMBER
- control field: 27763
003 - CONTROL NUMBER IDENTIFIER
- control field: OSt
005 - DATE AND TIME OF LATEST TRANSACTION
- control field: 20260609101159.0
008 - FIXED-LENGTH DATA ELEMENTS
- fixed length control field: 260609|| aca||aabn | a|a d
040 ## - CATALOGING SOURCE
- Original cataloging agency: OSt
- Transcribing agency: OSt
150 ## - HEADING--TOPICAL TERM
- Topical term or geographic name entry element: English language-composition and exercises-study and teaching - united states
670 ## - SOURCE DATA FOUND
- Source citation: Work cat.: (OSt)23576: Calkins, Lucy McCormick 27714, Writing for readers : Teaching skills and strategies, 2003
